000 00339nam a2200133Ia 4500
008 240624s9999 xx 000 0 und d
041 _aeng
082 _a658.314 PLS
100 _aPLSEK PAUL E
245 _aCREATIVITY INNOVATION AND QUALITY
260 _c2003
_aNew Delhi
_bPrentice-Hall
300 _axi, : 316 : p. : cm. ; 22
365 _cRS
999 _c546
_d546